[Event "AUT-chT2O 1718"]
[Site "Austria"]
[Date "2018.04.07"]
[Round "10.5"]
[White "Todor, Razvan"]
[Black "Chirita Mihaila, Marius Constantin"]
[Result "1-0"]
[WhiteElo "2161"]
[BlackElo "2124"]
[PlyCount "91"]
[EventDate "2017.10.21"]
[EventType "team-tourn"]
[EventRounds "11"]
[EventCountry "AUT"]
[SourceTitle "EXT 2019"]
[Source "ChessBase"]
[SourceDate "2018.10.10"]
[SourceVersion "1"]
[SourceVersionDate "2018.10.10"]
[SourceQuality "1"]
[WhiteTeam "Hietzing"]
[BlackTeam "Tschaturanga"]
[WhiteTeamCountry "AUT"]
[BlackTeamCountry "AUT"]

1. d4 c5 2. dxc5 Qa5+ 3. Nd2 g6 4. Ngf3 Bg7 5. g3 Nf6 6. Bg2 0-0 7. 0-0 Qxc5 8. c4 d6 9. a3 a5 10. b4 Qh5 11. Bb2 Bh3 12. Qb3 Bxg2 13. Kxg2 Nbd7 14. h3 d5 15. Rac1 axb4 16. axb4 dxc4 17. Rxc4 Qb5 18. e4 e5 19. Rfc1 Rfd8 20. Rc7 Rf8 21. Qc4 Qxc4 22. Nxc4 b5 23. Nd6 Ra4 24. Nxe5 Nxe5 25. Bxe5 Ne8 26. Bxg7 Kxg7 27. Nxe8+ Rxe8 28. Rd1 Rxb4 29. Rdd7 Rf8 30. e5 Re4 31. f4 h5 32. Kf3 Re1 33. Rb7 Kg8 34. g4 hxg4+ 35. Kxg4 Rg1+ 36. Kf3 Ra8 37. Rxf7 Ra3+ 38. Ke4 Re1+ 39. Kd5 Rd1+ 40. Kc5 Rc3+ 41. Kb6 b4 42. Rg7+ Kf8 43. Rxg6 b3 44. Ka7 Ra1+ 45. Kb8 Rxh3 46. Rc6 1-0

[Event "AUT-chT2O 1718"]
[Site "Austria"]
[Date "2017.10.21"]
[Round "1.4"]
[White "Lendwai, Reinhard"]
[Black "Chirita Mihaila, Marius Constantin"]
[Result "1-0"]
[WhiteElo "2380"]
[BlackElo "2124"]
[PlyCount "47"]
[EventDate "2017.10.21"]
[EventType "team-tourn"]
[EventRounds "11"]
[EventCountry "AUT"]
[SourceTitle "CBM 181 Extra"]
[Source "ChessBase"]
[SourceDate "2017.12.12"]
[SourceVersion "1"]
[SourceVersionDate "2017.12.12"]
[SourceQuality "1"]
[WhiteTeam "Nickelsdorf Blackburne"]
[BlackTeam "Tschaturanga"]
[WhiteTeamCountry "AUT"]
[BlackTeamCountry "AUT"]

1. c4 g6 2. g3 Bg7 3. Nc3 e5 4. Bg2 d6 5. d3 c6 6. e3 Ne7 7. Nge2 h5 8. h3 h4 9. g4 f5 10. gxf5 Bxf5 11. e4 Be6 12. Bg5 Qd7 13. Qd2 Na6 14. b3 0-0-0 15. 0-0-0 Nc7 16. Kb1 Kb8 17. d4 exd4 18. Nxd4 Bf7 19. Be3 c5 20. Ndb5 Nxb5 21. Nxb5 Qe6 22. Qa5 Nc6 23. Qc7+ Ka8 24. Qxd8+ 1-0

[Event "Arad op 10th"]
[Site "Arad"]
[Date "2017.08.12"]
[Round "8"]
[White "Chirita Mihaila, Marius Constantin"]
[Black "Stanciu, Alexandru Ovidiu"]
[Result "0-1"]
[WhiteElo "2142"]
[BlackElo "2291"]
[PlyCount "60"]
[EventDate "2017.08.06"]
[EventType "swiss"]
[EventRounds "9"]
[EventCountry "ROU"]
[SourceTitle "CBM 179 Extra"]
[Source "ChessBase"]
[SourceDate "2017.08.23"]
[SourceVersion "1"]
[SourceVersionDate "2017.08.23"]
[SourceQuality "1"]

1. g3 d5 2. c4 d4 3. d3 e5 4. Bg2 c5 5. e3 Nc6 6. exd4 cxd4 7. Ne2 Bd6 8. 0-0 Nge7 9. a3 a5 10. Nd2 0-0 11. f4 Nf5 12. Ne4 Bc7 13. g4 Ne3 14. Bxe3 dxe3 15. f5 Qh4 16. Qe1 Qxg4 17. N2g3 Nd4 18. f6 e2 19. Rf2 Nc2 20. fxg7 Nxe1 21. gxf8Q+ Kxf8 22. Rxe1 f5 23. Nf6 Qd4 24. Rexe2 Bb6 25. Nd5 Ra6 26. Kh1 Qxf2 27. Rxf2 Bxf2 28. Bh3 Rh6 29. Kg2 Rxh3 30. Kxh3 f4+ 0-1

[Event "Heusenstamm Sparkassen op-A 3rd"]
[Site "Heusenstamm"]
[Date "2016.11.27"]
[Round "3"]
[White "Vangsgaard, Bjarke"]
[Black "Chirita Mihaila, Marius Constantin"]
[Result "1-0"]
[WhiteElo "2022"]
[BlackElo "2148"]
[PlyCount "77"]
[EventDate "2016.11.24"]
[EventType "swiss"]
[EventRounds "7"]
[EventCountry "GER"]
[SourceTitle "EXT 2018"]
[Source "ChessBase"]
[SourceDate "2017.10.13"]
[SourceVersion "1"]
[SourceVersionDate "2017.10.13"]
[SourceQuality "1"]

1. d4 c5 2. c3 g6 3. Nf3 Nf6 4. Bf4 Bg7 5. e3 b6 6. Be2 0-0 7. 0-0 d6 8. h3 Bb7 9. b4 cxb4 10. cxb4 Nd5 11. Qb3 Nxf4 12. exf4 Nc6 13. Rd1 a5 14. b5 Nb4 15. Bc4 e6 16. Nc3 Bxf3 17. gxf3 Rc8 18. Rac1 Qc7 19. Ne2 Qd7 20. Nc3 Qc7 21. Ne2 Qd7 22. Nc3 Rc7 23. Na4 Rb8 24. a3 Rxc4 25. Rxc4 Nd5 26. Rc6 Qd8 27. Qc4 Nxf4 28. Nxb6 Qg5+ 29. Kf1 Qg2+ 30. Ke1 Qxf3 31. Nd7 Bh6 32. Kd2 Qxf2+ 33. Kc3 Nd5+ 34. Kb3 Ne7 35. Nxb8 Nxc6 36. Nxc6 d5 37. Qc2 Qg3+ 38. Rd3 Qe1 39. b6 1-0

[Event "Heusenstamm Sparkassen op-A 3rd"]
[Site "Heusenstamm"]
[Date "2016.11.25"]
[Round "2"]
[White "Chirita Mihaila, Marius Constantin"]
[Black "Rubina, Tatiana"]
[Result "1-0"]
[WhiteElo "2148"]
[BlackElo "1875"]
[PlyCount "61"]
[EventDate "2016.11.24"]
[EventType "swiss"]
[EventRounds "7"]
[EventCountry "GER"]
[SourceTitle "EXT 2018"]
[Source "ChessBase"]
[SourceDate "2017.10.13"]
[SourceVersion "1"]
[SourceVersionDate "2017.10.13"]
[SourceQuality "1"]

1. c4 Nf6 2. g3 e6 3. Bg2 Be7 4. Nf3 d5 5. 0-0 0-0 6. d4 Nbd7 7. b3 c5 8. cxd5 exd5 9. dxc5 Nxc5 10. Bb2 Nce4 11. Nc3 Qa5 12. Nxe4 dxe4 13. Ne5 Rd8 14. Qc1 Be6 15. Bc3 Qb5 16. Qb2 Rac8 17. Rac1 Bc5 18. e3 Bd5 19. Bh3 Rc7 20. Rfd1 Qe8 21. Nc4 Qe7 22. Qa1 Rc6 23. Rd2 b5 24. Ne5 Rcd6 25. Ng4 Nxg4 26. Bxg4 Qg5 27. Be2 b4 28. Bd4 Bxd4 29. Qxd4 a5 30. Rc5 Bc6 31. Rxg5 1-0

[Event "Arad op 7th"]
[Site "Arad"]
[Date "2014.08.07"]
[Round "5"]
[White "Horvath, Zsolt"]
[Black "Chirita Mihaila, Marius Constantin"]
[Result "1-0"]
[WhiteElo "2393"]
[BlackElo "2141"]
[PlyCount "37"]
[EventDate "2014.08.04"]
[EventType "swiss"]
[EventRounds "9"]
[EventCountry "ROU"]
[SourceTitle "CBM 161 Extra"]
[Source "ChessBase"]
[SourceDate "2014.08.29"]
[SourceVersion "1"]
[SourceVersionDate "2014.08.29"]
[SourceQuality "1"]

1. e4 g6 2. d4 Bg7 3. Nf3 d6 4. Bc4 c6 5. Bb3 Nf6 6. Qe2 0-0 7. 0-0 Bg4 8. Nbd2 Qc7 9. e5 Nd5 10. h3 Bf5 11. Re1 Nd7 12. Nf1 dxe5 13. dxe5 Nc5 14. Ng3 Bd7 15. Qc4 Nxb3 16. axb3 b5 17. Qh4 c5 18. Bh6 f6 19. c4 1-0

[Event "Arad op"]
[Site "Arad"]
[Date "2013.08.05"]
[Round "4"]
[White "Balla, Tamas Kristof"]
[Black "Chirita Mihaila, Marius Constantin"]
[Result "1-0"]
[WhiteElo "2376"]
[BlackElo "2149"]
[PlyCount "59"]
[EventDate "2013.08.03"]
[EventType "swiss"]
[EventRounds "9"]
[EventCountry "ROU"]
[SourceTitle "CBM 155 Extra"]
[Source "ChessBase"]
[SourceDate "2013.08.26"]
[SourceVersion "1"]
[SourceVersionDate "2013.08.26"]
[SourceQuality "1"]

1. d4 c5 2. d5 e6 3. c4 exd5 4. cxd5 d6 5. Nc3 g6 6. Nf3 Bg7 7. Nd2 a6 8. a4 Nd7 9. e4 Ne7 10. h4 Ne5 11. Be2 h5 12. Nc4 Nxc4 13. Bxc4 0-0 14. Bg5 f6 15. Bf4 Kh7 16. Qd2 f5 17. f3 Ng8 18. Bd3 Bh6 19. Bg5 Bxg5 20. hxg5 f4 21. Ne2 Qxg5 22. g3 Qh6 23. gxf4 Bd7 24. Rh4 b5 25. Ng3 Nf6 26. 0-0-0 Kg8 27. Bc2 Rae8 28. Rg1 Kf7 29. Ne2 Rg8 30. Rg5 1-0

[Event "ROM-chT U20"]
[Site "Mamaia"]
[Date "2012.09.07"]
[Round "6"]
[White "Corlatescu, Dragos Georgian"]
[Black "Chirita Mihaila, Marius Constantin"]
[Result "1-0"]
[WhiteElo "2175"]
[BlackElo "2075"]
[PlyCount "89"]
[EventDate "2012.09.03"]
[EventType "team-swiss"]
[EventRounds "6"]
[EventCountry "ROU"]
[SourceTitle "CBM 150 Extra"]
[Source "ChessBase"]
[SourceDate "2012.10.19"]
[SourceVersion "1"]
[SourceVersionDate "2012.10.19"]
[SourceQuality "1"]

1. e4 g6 2. d4 Bg7 3. Nc3 c5 4. Be3 Qa5 5. Nf3 cxd4 6. Bxd4 Nf6 7. Bd3 Nc6 8. Be3 0-0 9. 0-0 d5 10. exd5 Nxd5 11. Nxd5 Qxd5 12. c3 Bg4 13. Be2 Rfd8 14. h3 Bf5 15. Qb3 Qxb3 16. axb3 b6 17. b4 Rac8 18. Ra6 Rc7 19. Rfa1 Bd3 20. Bxd3 Rxd3 21. b5 Na5 22. R1xa5 Rd1+ 23. Kh2 bxa5 24. b6 Rc8 25. bxa7 Ra8 26. Rxa5 Rd7 27. Nd2 f5 28. Nc4 Rb7 29. f4 Kf7 30. Ra6 Ke8 31. Kg3 Kd8 32. Kf3 Bf6 33. Ra3 Kc7 34. b4 h6 35. Ke2 Rb5 36. Kd3 Kb7 37. Na5+ Kc7 38. Kc4 Rb6 39. Bxb6+ Kxb6 40. Kd5 Rxa7 41. Nc4+ Kb7 42. Rxa7+ Kxa7 43. Ne5 g5 44. Ke6 gxf4 45. Kxf5 1-0

[Event "ROM-chT U20"]
[Site "Mamaia"]
[Date "2012.09.04"]
[Round "2"]
[White "Martian, Dragos Daniel"]
[Black "Chirita Mihaila, Marius Constantin"]
[Result "0-1"]
[WhiteElo "2133"]
[BlackElo "2075"]
[PlyCount "63"]
[EventDate "2012.09.03"]
[EventType "team-swiss"]
[EventRounds "6"]
[EventCountry "ROU"]
[SourceTitle "CBM 150 Extra"]
[Source "ChessBase"]
[SourceDate "2012.10.19"]
[SourceVersion "1"]
[SourceVersionDate "2012.10.19"]
[SourceQuality "1"]

1. e4 g6 2. d4 Bg7 3. c3 d6 4. Nf3 Nf6 5. Bd3 0-0 6. 0-0 Nbd7 7. Re1 e5 8. Na3 Re8 9. Qb3 c6 10. Ng5 Rf8 11. f4 exd4 12. e5 Nc5 13. Qc4 Nxd3 14. Qxd3 dxe5 15. fxe5 Ng4 16. Qh3 h5 17. e6 fxe6 18. Qd3 Qf6 19. Bd2 Qf2+ 20. Kh1 Qh4 21. Qg3 Qxg3 22. hxg3 Rf2 23. Rad1 Bh6 24. Bf4 c5 25. cxd4 cxd4 26. Kg1 Bxg5 27. Bxg5 Bd7 28. b3 Bc6 29. Rd2 Raf8 30. Red1 Bxg2 31. Rxf2 Rxf2 32. Rd2 0-1

[Event "Arad op"]
[Site "Arad"]
[Date "2012.07.31"]
[Round "6"]
[White "Chirita Mihaila, Marius Constantin"]
[Black "Levay, Sorin"]
[Result "0-1"]
[WhiteElo "2075"]
[BlackElo "2267"]
[PlyCount "44"]
[EventDate "2012.07.27"]
[EventType "swiss"]
[EventRounds "9"]
[EventCountry "ROU"]
[SourceTitle "CBM 149 Extra"]
[Source "ChessBase"]
[SourceDate "2012.08.24"]
[SourceVersion "1"]
[SourceVersionDate "2012.08.24"]
[SourceQuality "1"]

1. Nf3 g6 2. g3 Bg7 3. Bg2 c5 4. d3 Nc6 5. 0-0 d5 6. Nbd2 Nf6 7. e4 0-0 8. Re1 b6 9. c3 e6 10. Qa4 Qd7 11. Rb1 a5 12. b4 cxb4 13. cxb4 b5 14. Qb3 axb4 15. Bb2 Ra4 16. e5 Ng4 17. h3 Nh6 18. Nd4 Nxe5 19. f4 Nc4 20. dxc4 bxc4 21. Nxc4 dxc4 22. Qxc4 b3 0-1

[Event "ROM-ch U18"]
[Site "Voineasa"]
[Date "2010.04.11"]
[Round "6"]
[White "Chirita Mihaila, Marius Constantin"]
[Black "Dragomirescu, Robin Alexandru"]
[Result "0-1"]
[WhiteElo "2137"]
[BlackElo "2372"]
[PlyCount "94"]
[EventDate "2010.04.08"]
[EventType "swiss"]
[EventRounds "9"]
[EventCountry "ROU"]
[SourceTitle "EXT 2020"]
[Source "ChessBase"]
[SourceDate "2019.10.17"]
[SourceVersion "1"]
[SourceVersionDate "2019.10.17"]
[SourceQuality "1"]

1. c4 Nf6 2. g3 g6 3. Bg2 Bg7 4. Nc3 0-0 5. e4 d6 6. Nge2 c5 7. 0-0 Nc6 8. d3 a6 9. Be3 Rb8 10. a4 Ne8 11. Qd2 Nc7 12. Bh6 Ne6 13. Bxg7 Kxg7 14. f4 Ned4 15. Nxd4 Nxd4 16. Ne2 Nxe2+ 17. Qxe2 b5 18. axb5 axb5 19. b3 Qb6 20. Ra2 bxc4 21. bxc4 Qb3 22. Qd2 Bd7 23. Rfa1 Bc6 24. f5 Ra8 25. Rxa8 Rxa8 26. Rxa8 Bxa8 27. fxg6 hxg6 28. Bf1 Bc6 29. Kf2 Qa3 30. Be2 Qa1 31. Bd1 Qd4+ 32. Qe3 Qc3 33. Qe2 Qa1 34. Qd2 Bd7 35. Qe2 Qc1 36. Qc2 Qh6 37. h4 g5 38. Qd2 Qf6+ 39. Kg2 gxh4 40. gxh4 Qxh4 41. Qe3 Kf6 42. Qf2+ Qxf2+ 43. Kxf2 Ke5 44. Ke3 e6 45. Bf3 Bc6 46. Be2 f5 47. Bf3 Ba4 0-1

[Event "ROM-ch U18"]
[Site "Voineasa"]
[Date "2010.04.08"]
[Round "1"]
[White "Secheres, Alexandru"]
[Black "Chirita Mihaila, Marius Constantin"]
[Result "0-1"]
[WhiteElo "1831"]
[BlackElo "2137"]
[PlyCount "54"]
[EventDate "2010.04.08"]
[EventType "swiss"]
[EventRounds "9"]
[EventCountry "ROU"]
[SourceTitle "EXT 2020"]
[Source "ChessBase"]
[SourceDate "2019.10.17"]
[SourceVersion "1"]
[SourceVersionDate "2019.10.17"]
[SourceQuality "1"]

1. d4 g6 2. c4 Bg7 3. Nf3 d6 4. Nc3 Nd7 5. e4 e5 6. d5 Ne7 7. Be2 0-0 8. 0-0 a5 9. Rb1 Nc5 10. Be3 b6 11. a3 f5 12. Nd2 fxe4 13. Ndxe4 Nf5 14. Bg5 Qe8 15. b4 Nxe4 16. Nxe4 Nd4 17. Be3 Nxe2+ 18. Qxe2 Bf5 19. f3 axb4 20. axb4 Ra3 21. c5 bxc5 22. bxc5 Qa4 23. Bf2 Bh6 24. Rb7 Ra2 25. Qe1 Bxe4 26. Qxe4 Qxe4 27. fxe4 Rfxf2 0-1

[Event "ROM-ch"]
[Site "Baile Olanesti"]
[Date "2010.02.05"]
[Round "7"]
[White "Chirita Mihaila, Marius Constantin"]
[Black "Spulber, Cicirone"]
[Result "0-1"]
[WhiteElo "2136"]
[BlackElo "2312"]
[PlyCount "64"]
[EventDate "2010.01.31"]
[EventType "swiss"]
[EventRounds "9"]
[EventCountry "ROU"]
[SourceTitle "CBM 134 Extra"]
[Source "ChessBase"]
[SourceDate "2010.03.03"]
[SourceVersion "1"]
[SourceVersionDate "2010.03.03"]
[SourceQuality "1"]

1. g3 c5 2. Bg2 g6 3. e4 Bg7 4. d3 Nc6 5. c3 Nf6 6. Ne2 Rb8 7. 0-0 0-0 8. h3 b5 9. Be3 d6 10. Nd2 b4 11. Qc2 bxc3 12. bxc3 Ba6 13. Rab1 Qa5 14. Nf3 Nd7 15. Bd2 Bb5 16. a3 Qa4 17. Qxa4 Bxa4 18. Rfe1 Na5 19. Bg5 Rfe8 20. Rxb8 Nxb8 21. d4 h6 22. Be3 Nc4 23. Nd2 Nxe3 24. fxe3 Nc6 25. Rb1 Na5 26. Kf2 Rc8 27. Rb2 e6 28. Bf3 Bf6 29. e5 dxe5 30. Ne4 Be7 31. dxe5 Rd8 32. Nf6+ Kg7 0-1

[Event "ROM-ch"]
[Site "Eforie Nord"]
[Date "2009.02.08"]
[Round "9"]
[White "Chirita Mihaila, Marius Constantin"]
[Black "Manole, Stefan"]
[Result "1-0"]
[WhiteElo "2048"]
[BlackElo "1892"]
[PlyCount "54"]
[EventDate "2009.01.31"]
[EventType "swiss"]
[EventRounds "9"]
[EventCountry "ROU"]
[SourceTitle "CBM 130 Extra"]
[Source "ChessBase"]
[SourceDate "2009.07.02"]
[SourceVersion "2"]
[SourceVersionDate "2009.07.15"]
[SourceQuality "1"]

1. g3 g6 2. c4 Bg7 3. Bg2 d6 4. Nc3 e5 5. e4 Ne7 6. Nge2 0-0 7. 0-0 Nbc6 8. d3 h6 9. Be3 f5 10. Qd2 Kh7 11. f4 fxe4 12. dxe4 Bg4 13. h3 Bxe2 14. Nxe2 exf4 15. gxf4 Ng8 16. f5 Ne5 17. Rac1 Qh4 18. Nd4 Rf6 19. Ne6 gxf5 20. Rf4 Qh5 21. exf5 Ne7 22. Rcf1 Rh8 23. Nxg7 Kxg7 24. Bd4 Rxf5 25. Rxf5 Nxf5 26. Bxe5+ dxe5 27. Qd7+ Kg6 1-0

[Event "ROM-ch"]
[Site "Eforie Nord"]
[Date "2009.02.05"]
[Round "6"]
[White "Dobre, Claudiu Cristian"]
[Black "Chirita Mihaila, Marius Constantin"]
[Result "1-0"]
[WhiteElo "2301"]
[BlackElo "2048"]
[PlyCount "101"]
[EventDate "2009.01.31"]
[EventType "swiss"]
[EventRounds "9"]
[EventCountry "ROU"]
[SourceTitle "CBM 130 Extra"]
[Source "ChessBase"]
[SourceDate "2009.07.02"]
[SourceVersion "2"]
[SourceVersionDate "2009.07.15"]
[SourceQuality "1"]

1. b3 Nf6 2. Bb2 g6 3. e4 Bg7 4. g3 d6 5. Bg2 0-0 6. Ne2 e5 7. 0-0 Nc6 8. d4 exd4 9. Nxd4 Nxd4 10. Bxd4 Re8 11. Re1 Bg4 12. Qd2 c6 13. c4 Qc7 14. h3 Be6 15. Nc3 Rad8 16. Rad1 Nh5 17. Bxg7 Nxg7 18. Qg5 f5 19. exf5 gxf5 20. Re3 Bf7 21. Red3 Bg6 22. R3d2 Re5 23. Ne2 Ne6 24. Qh4 Kg7 25. Nf4 Nxf4 26. Qxf4 Qe7 27. Bf3 Kg8 28. Kg2 a5 29. h4 Bf7 30. Rd4 Qf6 31. Qd2 Kf8 32. Rxd6 Rxd6 33. Qxd6+ Qxd6 34. Rxd6 Ke7 35. Rh6 Bg8 36. Kf1 a4 37. Bd1 axb3 38. axb3 Rc5 39. Be2 Ra5 40. b4 Re5 41. Bd3 Re6 42. Rh5 Rf6 43. c5 f4 44. Re5+ Kf8 45. g4 h6 46. Bf5 Bc4+ 47. Kg2 Bd5+ 48. Be4 Bc4 49. Kf3 Bb3 50. Rf5 Bd1+ 51. Kxf4 1-0

[Event "ROM-ch"]
[Site "Eforie Nord"]
[Date "2009.02.04"]
[Round "5"]
[White "Chirita Mihaila, Marius Constantin"]
[Black "Olariu, Mihai"]
[Result "1-0"]
[WhiteElo "2048"]
[BlackElo "1861"]
[PlyCount "83"]
[EventDate "2009.01.31"]
[EventType "swiss"]
[EventRounds "9"]
[EventCountry "ROU"]
[SourceTitle "CBM 130 Extra"]
[Source "ChessBase"]
[SourceDate "2009.07.02"]
[SourceVersion "2"]
[SourceVersionDate "2009.07.15"]
[SourceQuality "1"]

1. c4 e6 2. Nf3 Nf6 3. g3 d5 4. Bg2 dxc4 5. Qa4+ c6 6. Qxc4 b5 7. Qc2 Bb7 8. 0-0 Be7 9. Ne5 Qc7 10. d4 0-0 11. a4 Rc8 12. Qd3 Nbd7 13. Nxd7 Qxd7 14. Nc3 b4 15. Ne4 Nxe4 16. Bxe4 g6 17. Bf4 c5 18. Bxb7 Qxb7 19. dxc5 Bxc5 20. Rfd1 Be7 21. Be5 Rd8 22. Qb5 Qxb5 23. axb5 Bc5 24. Bf6 Rxd1+ 25. Rxd1 Kf8 26. Rc1 Be7 27. Bxe7+ Kxe7 28. Ra1 Kd6 29. b6 Kc6 30. bxa7 Kb6 31. Ra4 Kb5 32. b3 Kb6 33. Rxb4+ Kxa7 34. Ra4+ Kb7 35. Rxa8 Kxa8 36. Kf1 Kb7 37. Ke1 Kc6 38. Kd2 Kd5 39. Kc3 Kc5 40. b4+ Kb5 41. e4 h5 42. f3 1-0

[Event "Wch U16"]
[Site "Vung Tau"]
[Date "2008.10.22"]
[Round "4"]
[White "Chirita Mihaila, Marius Constantin"]
[Black "Amarasena, Kaveesha"]
[Result "1/2-1/2"]
[WhiteElo "2091"]
[BlackElo "1915"]
[PlyCount "61"]
[EventDate "2008.10.20"]
[EventType "swiss"]
[EventRounds "11"]
[EventCountry "VIE"]
[SourceTitle "EXT 2009"]
[Source "ChessBase"]
[SourceDate "2008.11.26"]
[SourceVersion "1"]
[SourceVersionDate "2008.11.26"]
[SourceQuality "1"]

1. c4 e5 2. g3 Nc6 3. Bg2 f5 4. Nc3 Nf6 5. Nf3 Be7 6. d4 e4 7. Ng5 0-0 8. Nh3 d6 9. 0-0 Qe8 10. Bg5 h6 11. Bxf6 Bxf6 12. Nd5 Bd8 13. e3 g5 14. Kh1 Ne7 15. Nxe7+ Bxe7 16. Ng1 g4 17. Ne2 h5 18. h4 Be6 19. Qc2 Bf7 20. Rfd1 c6 21. c5 Qd8 22. b4 Qd7 23. Bf1 b5 24. cxb6 axb6 25. a4 Bf6 26. Nc3 Rfc8 27. Ra3 Qe7 28. Qd2 Ra7 29. d5 c5 30. Nb5 Raa8 31. a5 1/2-1/2

[Event "ROM-ch U16 Boys"]
[Site "Voineasa"]
[Date "2008.04.18"]
[Round "9"]
[White "Chirita Mihaila, Marius Constantin"]
[Black "Stegariu, Alexandru"]
[Result "1/2-1/2"]
[WhiteElo "2005"]
[BlackElo "905"]
[PlyCount "75"]
[EventDate "2008.04.08"]
[EventType "swiss"]
[EventRounds "9"]
[EventCountry "ROU"]
[SourceTitle "EXT 2013"]
[Source "ChessBase"]
[SourceDate "2012.11.22"]
[SourceVersion "1"]
[SourceVersionDate "2012.11.22"]
[SourceQuality "1"]

1. g3 c5 2. c4 Nc6 3. Nc3 g6 4. Bg2 Bg7 5. Rb1 e6 6. e3 Nge7 7. Nge2 0-0 8. 0-0 d5 9. cxd5 exd5 10. d4 cxd4 11. Nxd4 Nxd4 12. exd4 Bf5 13. Ra1 Qb6 14. Nxd5 Nxd5 15. Bxd5 Bxd4 16. Qf3 Rac8 17. Be3 Qxb2 18. Bxd4 Qxd4 19. Bxb7 Rc2 20. Qd5 Rd8 21. Qxd4 Rxd4 22. a3 Rdd2 23. h4 Bh3 24. Bg2 Bxg2 25. Kxg2 Ra2 26. Kg1 Rxf2 27. Rxa2 Rxa2 28. Rf3 Kg7 29. Rb3 Kf6 30. Kf1 h6 31. Rf3+ Ke6 32. Re3+ Kf6 33. Rf3+ Kg7 34. Rc3 g5 35. Rd3 Kg6 36. Rd6+ f6 37. hxg5 hxg5 38. Ra6 1/2-1/2